zpět

Detail výsledku týmu

Hasičárna Novesta, Zlín

Datum a čas kvízu

29.5 Celkem bodů Celkový počet nahraných bodů na tomto kvízu bez doplňovacích otázek.
12. Pořadí na kvízu Konečné umístění týmu na tomto kvízu.

Zaznamenané odpovědi

# Otázka Odpověď Body Výsledky
1. Ve čtvrtek se konala inaugurac... Dagmar Havlová 1
2. V jistém evropském hlavním měs... v Berlíně 1
3. Ve středu odstartovala na TV N... Pohlreich / Pohlreichův 1
4. Skupina ČEZ postaví největší a... v Ostravě 1
5. Minulý týden začaly zápasy pře... 1B 2A 3D 4C 1
6. Definicí oblasti Skandinávie j... Modrozubý 1
7. Národní doména České republiky... .se 1
8. Poronkäristys je laponská spec... sobí maso 0
9. Za nejvýznamnějšího norského s... Domeček pro panenky (též Nora) 0
10. Poslední otázka se bude týkat... C 1